000 00321nam a2200121Ia 4500
008 190216s9999||||xx |||||||||||||| ||und||
100 _aRabindra N Bhattacharya
245 0 _aEnvironmental Economics An Indian Perspective
260 _bOxford University Press
_c2009
300 _a291
650 _aEconomics
942 _cBK
999 _c11075
_d11075